000 00309nam a2200133 i 4500
001 bg
100 1 _aŻUK, N. P.
245 0 _aKurs teorii korrozii zascity metallov /
_cN.P. Żuk.
260 _aMoskva,
_c1976.
040 _cBPK
041 _apol
942 _cKS
008 s pl f |000 0 pol
999 _c16969
_d16969
856 _uhttp://koha.tu.koszalin.pl/cgi-bin/koha/opac-detail.pl?biblionumber=16969
_yKatalog online BPK